000 00248nam a2200109Ia 4500
008 220204s9999 xx 000 0 und d
082 _a82-3
_bKAY;1
100 _aM M
245 4 _aThe Far pavilions
260 _aNew York
_bBantam
_c1979
942 _cBK
999 _c35175
_d35175